Statystyki dla III wojna północna

Kliknij tutaj aby rozwiązać quiz!

Ogólne statystyki

  • Ten quiz został rozwiązany 145 razy
  • Średni wynik to 5 z 8

Statystyki odpowiedzi

Państwo% Poprawnych
Rosja
98%
Polska
92%
Szwecja
91%
Dania
83%
Prusy
57%
Saksonia
46%
Imperium Osmańskie
24%
Hanower
17%

Rozkład punktacji

Percentyl według liczby udzielonych odpowiedzi

Procent ludzi z każdym wynikiem

Twoja historia wyników

Nie rozwiązałeś tego quizu